| 000 | 00381nam a22001337a 4500 | ||
|---|---|---|---|
| 082 |
_a923.15491 _bHAM |
||
| 100 |
_aHamdain, Agha Hussain _946195 |
||
| 245 |
_aفاطمہ جناح حیات اور خدمات _cHamdain, Agha Hussain |
||
| 260 | _aIslamabad | ||
| 300 |
_a192p.: _bill,; _c25 cm. |
||
| 526 |
_a0 _b0 _c0 _d923_154910000000000_HAM |
||
| 650 |
_aMCE _9379 |
||
| 942 |
_2ddc _cBK |
||
| 999 |
_c549540 _d549540 |
||